000 00688nam a2200205 a 4500
001 000013496
003 DO-SdBNP
005 20210412095757.0
008 091125s1905 dr r 000 0 spa d
040 _aDO-SdBNP
_bspa
_cBNPHU
082 _a347.072
_bM149d
100 1 _aMachado, Manuel A.
_930827
245 1 0 _aDefensa leída ante la suprema corte de justicia de la República en representación del Lcdo D. M. J. Alfau /
_cpor el Lcdo. Manuel A. Machado, Llitis Vicini-Alfau.
260 _aSanto Domingo :
_bCuna de América,
_c1905.
300 _a67 p. ;
_c25 cm.
590 _aInventariado, 2018/LP
700 1 _aVicini-Alfau, Litis
_930828
910 _aD/G
942 _2ddc
_cLBS1
999 _c13120
_d13120